书目信息 |
| 题名: |
汉语口语常用句
|
|
| 作者: | 柳燕梅 , 翟艳 编著 | |
| 分册: | ||
| 出版信息: | 北京 北京语言文化大学出版社 2004.04 |
|
| 页数: | 325页 | |
| 开本: | 19cm | |
| 丛书名: | ||
| 单 册: | ||
| 中图分类: | H195.5 | |
| 科图分类: | ||
| 主题词: | 汉语--语言教学 | |
| 电子资源: | ||
| ISBN: | 7-5619-1166-1 | |
| 000 | 00642nam0 2200205 450 | |
| 001 | 0956545708 | |
| 005 | 20091124154405.03 | |
| 010 | @a7-5619-1166-1@dCNY 22.00 | |
| 100 | @a20091124d2004 km y0chiy0120 ea | |
| 101 | 0 | @achi |
| 102 | @aCN@b110000 | |
| 200 | 1 | @a汉语口语常用句@Ahan yu kou yu chang yong ju@f柳燕梅,翟艳编著@Fliu yan mei,zhai yan bian zhu |
| 210 | @a北京@c北京语言文化大学出版社@d2004.04 | |
| 215 | @a325页@d19cm | |
| 606 | 0 | @a汉语@x语言教学 |
| 690 | @aH195.5@v4 | |
| 701 | 0 | @a柳燕梅@Aliu yan mei@4编著 |
| 701 | 0 | @a翟艳@Azhai yan@4编著 |
| 801 | 0 | @aCN@b大连网信软件有限公司图书馆·11@c20091124 |
| 905 | @aZUCC@dH195.5@eL758 | |
| 汉语口语常用句/柳燕梅,翟艳编著.-北京:北京语言文化大学出版社,2004.04 |
| 325页;19cm |
| ISBN 7-5619-1166-1:CNY 22.00 |
| ● |
| 相关链接 |
|
|
|
正题名:汉语口语常用句
索取号:H195.5/L758
 
预约/预借
| 序号 | 登录号 | 条形码 | 馆藏地/架位号 | 状态 | 备注 |
| 1 | 897269 | 208972691 | 自科二线504/504自科库 46排1列4层/ [索取号:H195.5/L758] | 在馆 | |
| 2 | 897270 | 208972708 | 语言库209/309社科库 13排3列5层/ [索取号:H195.5/L758] | 在馆 |